000 00404nam a2200181Ia 4500
001 2702
005 20260306144826.0
008 260306t2009||||xx |||||||||||||| ||spa||
041 _aESP
082 _a212
_bR27
100 _aRatzinger, Joseph
_eAUT
245 0 _a¿Dios existe?
260 _c2009
300 _a133 páginas :
_c23 cm.
650 _aGEN
654 _aCHU
942 _cLIB
_dJUS
_fJUS
_2ddc
_n
999 _c2702
_d2702